| 000 | 00599nam a2200217 a 4500 | ||
|---|---|---|---|
| 005 | 20210219152858.0 | ||
| 008 | 991125n 000 0 u | ||
| 035 | _aUPN01000064848 | ||
| 100 | 1 | _aTaylor, Rod | |
| 222 | 0 | _aBRITISH JOURNAL OF SPECIAL EDUCATION | |
| 245 | 0 | 0 | _aArt through knowing and understanding |
| 260 | _aReino Unido | ||
| 300 | _a53-55 | ||
| 362 | 0 | _a1992 Vol. 19, No. 2, jun. | |
| 653 | 0 | _aDESARROLLO CURRICULAR | |
| 653 | 0 | _aEDUCACION ARTISTICA | |
| 653 | 0 | _aESTUDIANTES CON NECESIDADES ESPECIALES | |
| 653 | 0 | _aNORMAS | |
| 904 |
_aAC _b002659 |
||
| 905 | _aArticulo | ||
| 999 |
_c62770 _d62770 |
||